الإشراف التربوي على المعلمين : (رقم التسجيلة. 35213)

تفاصيل مارك
000 -الفاتح
عناصر البيانات ثابتة الطول 01070cam a2200241 i 4500
005 - تاريخ ووقت آخر معاملة
حقل ضبط 20260202114736.0
008 - عناصر البيانات ثابتة الطول
عناصر البيانات ثابتة الطول 250721s2001 jo gr 000 0 ara d
082 14 - رقم تصنيف ديوي العشري
رقم التصنيف 371.201
رقم المادة ف ي ف
100 1# - مدخل رئيسي – اسم شخصي
الاسم الشخصي فيفر، إيزابيل
علاقة الشخص بالعمل/ دوره مؤلف.
245 12 - بيان العنوان
العنوان الإشراف التربوي على المعلمين :
بقية العنوان دليل لتحسين التدريس /
بيان المسؤولية تأليف ايزابيل فيفر، جين دنلاب ؛ ترجمة الدكتور محمد عيد دبراني ؛ مراجعة الدكتور عمر الشيخ.
250 ## - بيان الطبعة
بيان الطبعة الطبعة الثالثة.
264 31 - بيانات النشر، التوزيع…إلخ
مكان النشر، التوزيع...إلخ عمان :
اسم الناشر، الموزع...إلخ دار مجدلاوي،
تاريخ النشر، التوزيع...إلخ 2001.
300 ## - الوصف المادي
عدد الوحدات المكونة للوعاء 370 صفحة.
490 0# - بيان السلسلة
عنوان السلسلة منشورات الجامعة الأردنية ؛
رقم الوعاء في السلسلة رقم 2.
650 17 - مدخل إضافي بالموضوع - مصطلح موضوعي
مصطلح موضوعي أو اسم جغرافي كعنصر مدخل الإشراف التربوي.
650 17 - مدخل إضافي بالموضوع - مصطلح موضوعي
مصطلح موضوعي أو اسم جغرافي كعنصر مدخل المعلمون.
650 17 - مدخل إضافي بالموضوع - مصطلح موضوعي
مصطلح موضوعي أو اسم جغرافي كعنصر مدخل الإدارة.
700 1# - مدخل إضافي - اسم شخصي
الاسم الشخصي دنلاب، جين
علاقة الشخص بالعمل/ دوره مؤلف.
700 1# - مدخل إضافي - اسم شخصي
الاسم الشخصي ديراني، محمد عيد
علاقة الشخص بالعمل/ دوره مترجم.
830 #0 - مدخل إضافي بالسلسلة-عنوان مقنن
عنوان السلسسلة منشورات الجامعة الأردنية.
942 ## - بيانات إضافية (كوها)
نوع التنصيف Dewey Decimal Classification
نوع المادة (كوها) كتب
المقتنيات
حالة السحب حالة الفقدان مصدر التصنيف حالة التلف غير قابل للإعارة المكتبة الرئيسية المكتبة الحالية موقع الرف تاريخ التزويد الرقم المتسلسل Total Checkouts رقم الإستدعاء الباركود تاريخ آخر ظهور تاريخ الفاتورة نوع المادة (كوها)
    Dewey Decimal Classification     المكتبة المركزية المكتبة المركزية الإعارة 06/07/2004 504898   371.201/فيف 504898 28/07/2025 06/07/2004 كتب
    Dewey Decimal Classification     المكتبة المركزية المكتبة المركزية الإعارة 19/03/2017 1650208   371.201 / ف ي ف PLD00404406 28/07/2025 19/03/2017 كتب
    Dewey Decimal Classification     مكتبة أم قصير والمقابلين العامة مكتبة أم قصير والمقابلين العامة الإعارة 16/08/2014 504915   371.201/فيف PLD00340465 28/07/2025 16/08/2014 كتب
    Dewey Decimal Classification     مكتبة الأميرة ايمان العامة مكتبة الأميرة ايمان العامة الإعارة 11/11/2013 504907   371.201/فيف PLD00285705 28/07/2025 11/11/2013 كتب
    Dewey Decimal Classification     مكتبة الجويدة مكتبة الجويدة الإعارة 11/06/2015 504911   371.201/فيف PLD00330386 28/07/2025 11/06/2015 كتب
    Dewey Decimal Classification     مكتبة الحسن العامة مكتبة الحسن العامة الإعارة 27/03/2019 504912   371.201/فيف PLD00447740 28/07/2025 27/03/2019 كتب
Implemented & Customized by: BBB with SCIT (Smart Chains for Information Technology)

Powered by Koha